000 00529nam a2200205 a 4500
001 BRCA_7348
005 20190320205814.0
008 210213s1943----u--a######---#000-0#eng-#
041 _aeng
044 _au
050 4 _aML1055
_b.M67 1943
100 1 _aMosoriak, Roy
_918165
245 1 0 _aThe curious history of music boxes
_cby Roy Mosoriak.
260 _aChicago, Illinois
_bLightner
_cc1943
300 _a242 p.
_bil., 40 láminas
500 _aQ3
650 1 4 _aCajas de música
_918166
902 _aGFM
942 _2lcc
_cB
999 _c7024
_d7024